[Event "CCLA Fall Server Series, S91134"]
[Site "CCLA"]
[Date "2019.11.23"]
[Round "?"]
[White "Williams, Rufus H."]
[Black "Berger, Byron"]
[Result "0-1"]
[WhiteElo "1298"]
[BlackElo "1328"]

1. e4 e5 2. Nf3 Nf6 3. Nc3 Nc6 4. Bc4 Nxe4 5. Nxe4 d5 6. d4 dxc4 7. c3 
exd4 8. cxd4 Bg4 9. O-O Nxd4 10. Ned2 Be7 11. Qa4+ c6 12. Qxc4 Nxf3+ 13. 
Nxf3 Bxf3 14. gxf3 O-O 15. Re1 Re8 16. b3 Bf6 17. Bb2 Rxe1+ 18. Rxe1 Bxb2 
19. Qc2 Bf6 20. Kg2 Qd7 21. Qc1 Re8 22. Rxe8+ Qxe8 23. Qd1 Qd8 24. Qb1 Bd4
25. Qe1 Kf8 26. Qb4+ Kg8 27. Qxb7 Qe8 28. Qc7 h6 29. Qd6 Bb6 30. Qf4 Qe2 
31. Qg3 Qxa2 32. h3 Qxb3 0-1

[Event "Fall Server Series, S91135"]
[Site "CCLA"]
[Date "2019.11.23"]
[Round "?"]
[White "Sanchez, David A."]
[Black "Berger, Byron"]
[Result "0-1"]
[WhiteElo "1449"]
[BlackElo "1397"]

1. d4 e6 2. c4 f5 3. Nc3 Nf6 4. g3 Be7 5. Bg2 O-O 6. Nf3 d6 7. O-O Ne4 8. 
Qc2 Nxc3 9. Qxc3 a5 10. Bf4 Nd7 11. Rfe1 g5 12. Be3 f4 13. Bc1 Rf5 0-1

[Event "Fall Server Series, S91135"]
[Site "CCLA"]
[Date "2019.11.23"]
[Round "?"]
[White "Sanchez, David A."]
[Black "Williams, Rufus H."]
[Result "1-0"]
[WhiteElo "1449"]
[BlackElo "1313"]

1. d4 d5 2. c4 e6 3. Nf3 Nc6 4. g3 Nf6 5. Bg2 Bb4+ 6. Bd2 Bxd2+ 7. Nbxd2 
b6 8. Rc1 Ba6 9. cxd5 exd5 10. Rxc6 O-O 11. O-O Bb7 12. Rc3 Rc8 13. Bh3 
Rb8 14. Qc2 Qe7 15. e3 c6 16. Ne5 Rfd8 17. Nxc6 Bxc6 18. Rxc6 g6 19. Nf3 
Ne4 20. Rc1 Qe8 21. Ne5 Kg7 22. Rc7 Ng5 23. Bg2 Ne6 24. Rxf7+ Kg8 25. Qc6 
Qxc6 26. Rxc6 Ng5 27. Rxa7 Rbc8 28. Rxc8 Rxc8 29. Bxd5+ Kf8 30. Ra8 Rxa8 
31. Bxa8 1-0

[Event "Fall Server Series, S91135"]
[Site "CCLA"]
[Date "2019.11.23"]
[Round "?"]
[White "Sanchez, David A."]
[Black "Algeri, Brian"]
[Result "1-0"]
[WhiteElo "1449"]
[BlackElo "1157"]

1. e4 g6 2. d4 Bg7 3. c4 e6 4. Nc3 b6 5. f3 d6 6. Be3 Ne7 7. Qd2 Bb7 8. 
Nge2 a6 9. h4 h5 10. g4 Nd7 11. Rg1 hxg4 12. fxg4 Nc6 13. g5 Qe7 14. O-O-O
O-O-O 15. Qe1 f5 16. Nf4 fxe4 17. Nxg6 1-0

[Event "Fall Server Series, S91135"]
[Site "CCLA"]
[Date "2019.11.23"]
[Round "?"]
[White "Berger, Byron"]
[Black "Sanchez, David A."]
[Result "0-1"]
[WhiteElo "1397"]
[BlackElo "1449"]

1. Nc3 Nf6 2. d4 g6 3. Bf4 Bg7 4. e3 d5 5. Bd3 O-O 6. Nf3 c6 7. O-O c5 8. 
dxc5 Qa5 9. Nb5 Na6 10. Qd2 Qxd2 11. Nxd2 Bd7 12. Nc7 Nxc7 13. Bxc7 Rac8 
14. Bf4 Rxc5 15. c3 Bb5 16. Bxb5 Rxb5 17. Rab1 Re8 18. Rfd1 e5 19. Bg3 Nd7
20. Nf3 Rc8 21. e4 dxe4 22. Rxd7 exf3 23. Rbd1 Rxb2 24. Rd8+ Rxd8 25. 
Rxd8+ Bf8 26. h3 f6 27. gxf3 Rxa2 28. f4 Ra5 29. fxe5 fxe5 30. Re8 Kf7 31.
 Rxe5 Rxe5 32. Bxe5 Bg7 33. Bd4 Bxd4 0-1

[Event "Fall Server Series, S91135"]
[Site "CCLA"]
[Date "2019.11.23"]
[Round "?"]
[White "Berger, Byron"]
[Black "Williams, Rufus H."]
[Result "1-0"]
[WhiteElo "1397"]
[BlackElo "1313"]

1. Nc3 Nf6 2. d4 d5 3. Bf4 e6 4. e3 Bd6 5. Bd3 Bxf4 6. exf4 b6 7. Qe2 O-O 
8. O-O-O c5 9. Qe3 cxd4 10. Qxd4 Nc6 11. Qa4 Bb7 12. Bb5 Qc8 13. Bxc6 Bxc6
14. Qd4 a6 15. Qxb6 Nd7 16. Qe3 Qb7 17. f3 Rab8 18. b3 Rfe8 19. Nge2 Qb4 
20. Qd4 Qxd4 21. Nxd4 Ba8 22. Rhe1 Rbc8 23. Rd3 Nf6 24. Rde3 g6 25. g4 Kg7
26. f5 g5 27. fxe6 fxe6 28. Na4 Nd7 29. Nxe6+ Kg6 30. Nd4 Rxe3 31. Rxe3 
Rf8 32. Ne6 Rf7 33. Nac5 Nxc5 34. Nxc5 a5 35. Re6+ Kg7 36. Re5 h6 37. Re3 
Bc6 38. Ne6+ Kg6 39. Nd8 Rf6 40. Nxc6 Rxc6 41. Kd2 Kf7 42. Rc3 Rxc3 43. 
Kxc3 Ke6 44. Kd4 Kd6 45. c3 Ke6 46. a3 Kd6 47. b4 axb4 48. cxb4 Kc6 49. a4
Kd6 50. b5 1-0

[Event "Fall Server Series, S91135"]
[Site "CCLA"]
[Date "2019.11.23"]
[Round "?"]
[White "Berger, Byron"]
[Black "Algeri, Brian"]
[Result "1-0"]
[WhiteElo "1397"]
[BlackElo "1157"]

1. Nc3 g6 2. e4 Bg7 3. d4 e6 4. Be3 d6 5. Qd2 Ne7 6. Bh6 O-O 7. Bxg7 Kxg7 
8. O-O-O a6 9. f4 f5 10. e5 d5 11. Be2 Nd7 12. g4 h6 13. gxf5 Nxf5 14. Nf3
b5 15. Rdg1 c5 16. h4 Kf7 17. h5 gxh5 18. Ng5+ hxg5 19. Bxh5+ Ke7 20. Rxg5
Rg8 21. Qg2 Rxg5 22. Qxg5+ 1-0

[Event "Fall Server Series, S91135"]
[Site "CCLA"]
[Date "2019.11.23"]
[Round "?"]
[White "Williams, Rufus H."]
[Black "Sanchez, David A."]
[Result "0-1"]
[WhiteElo "1313"]
[BlackElo "1449"]

1. e4 c6 2. d4 d5 3. exd5 cxd5 4. Nf3 Nf6 5. Bb5+ Bd7 6. Bxd7+ Nbxd7 7. 
Nc3 Qc7 8. O-O a6 9. a4 e6 10. h3 Bd6 11. Re1 O-O-O 12. Qd3 h6 13. Bd2 g5 
14. Re2 g4 15. hxg4 Nxg4 16. Nxd5 exd5 17. c3 Ndf6 18. Qf5+ Qd7 19. Qxd7+ 
Kxd7 20. Rc1 Ne4 21. Be1 h5 22. c4 Nef6 23. Bd2 dxc4 24. Rxc4 h4 25. Ng5 
Nh6 26. Bb4 Rhg8 27. Nh3 Bxb4 28. Rxb4 Rb8 29. Rb6 Nhg4 30. f3 Nd5 31. Rb3
Nh6 32. a5 Nf5 33. Re5 Nfe3 34. Rxd5+ Nxd5 35. Kf2 Rg3 36. Ng1 Kc6 37. Ne2
Rg6 38. Kf1 Rbg8 39. Nf4 Nxf4 40. Rb6+ Kc7 41. Rxg6 Rxg6 42. b3 Rxg2 0-1

[Event "Fall Server Series, S91135"]
[Site "CCLA"]
[Date "2019.11.23"]
[Round "?"]
[White "Williams, Rufus H."]
[Black "Berger, Byron"]
[Result "0-1"]
[WhiteElo "1313"]
[BlackElo "1397"]

1. d4 e6 2. c4 d5 3. cxd5 exd5 4. Nf3 Nf6 5. a3 c5 6. e3 Nc6 7. Nc3 a6 8. 
a4 cxd4 9. exd4 Bf5 10. Be3 Nb4 11. Be2 Nc2+ 12. Kf1 Ng4 13. Qd2 Ngxe3+ 
14. fxe3 Nxa1 15. Bd3 Bxd3+ 16. Qxd3 Nb3 17. Qf5 Na5 18. Qe5+ Qe7 19. Qf4 
Rd8 20. Ne5 f6 21. Ng4 Nc4 22. Qf2 Qd7 23. b3 Qxg4 24. bxc4 Bb4 25. h3 Qe6
26. cxd5 Rxd5 27. Nxd5 Qxd5 28. Qc2 O-O 29. h4 Re8 30. Rh3 Re4 31. Kg1 b5 
32. Qc8+ Kf7 33. Qxa6 bxa4 34. Qxa4 Bd2 35. Qa3 Qe6 36. Qd3 Bxe3+ 37. Rxe3
Rxe3 0-1

[Event "Fall Server Series, S91135"]
[Site "CCLA"]
[Date "2019.11.23"]
[Round "?"]
[White "Williams, Rufus H."]
[Black "Algeri, Brian"]
[Result "1-0"]
[WhiteElo "1313"]
[BlackElo "1157"]

1. e4 g6 2. d4 Bg7 3. Nf3 e6 4. Be3 d6 5. Bc4 Ne7 6. Nc3 b6 7. O-O Bb7 8. 
a3 Nd7 9. d5 e5 10. Qd2 c5 11. Bh6 Bxh6 12. Qxh6 Ng8 13. Qg7 Qf6 14. Qxf6 
Ngxf6 15. h3 h6 16. Nb5 Ke7 17. a4 Nxe4 18. Rad1 Ndf6 19. Rfe1 1-0

[Event "Fall Server Series, S91135"]
[Site "CCLA"]
[Date "2019.11.23"]
[Round "?"]
[White "Algeri, Brian"]
[Black "Sanchez, David A."]
[Result "0-1"]
[WhiteElo "1157"]
[BlackElo "1449"]

1. d4 Nf6 2. Bf4 g6 3. e3 Bg7 4. c3 O-O 5. Bd3 d5 6. Nd2 Nbd7 7. Ngf3 c5 
8. O-O c4 9. Bc2 b5 10. b4 a5 11. a3 Bb7 12. h3 axb4 13. axb4 Rxa1 14. 
Qxa1 Qa8 15. Ne5 Qxa1 16. Rxa1 Ra8 0-1

[Event "Fall Server Series, S91135"]
[Site "CCLA"]
[Date "2019.11.23"]
[Round "?"]
[White "Algeri, Brian"]
[Black "Berger, Byron"]
[Result "0-1"]
[WhiteElo "1157"]
[BlackElo "1397"]

1. d4 e6 2. Bf4 f5 3. e3 Nf6 4. c3 b6 5. Bd3 Bb7 6. Nf3 Be7 7. Nbd2 O-O 8.
 Qc2 d6 9. h4 Nh5 10. Bg5 h6 11. Bxe7 Qxe7 12. O-O-O g6 13. e4 e5 14. exf5
e4 15. Bxe4 Bxe4 16. Qxe4 Qxe4 17. Nxe4 Rxf5 18. Rd3 d5 19. Ng3 Nxg3 20. 
fxg3 Nc6 21. Re1 g5 0-1

[Event "Fall Server Series, S91135"]
[Site "CCLA"]
[Date "2019.11.23"]
[Round "?"]
[White "Algeri, Brian"]
[Black "Williams, Rufus H."]
[Result "0-1"]
[WhiteElo "1157"]
[BlackElo "1313"]

1. d4 Nf6 2. Bf4 e6 3. e3 d5 4. c3 Bd6 5. Bg3 b6 6. Bd3 O-O 7. Nf3 c5 8. 
Nbd2 Ba6 9. c4 dxc4 10. Nxc4 Bxc4 11. Bxc4 Ne4 12. Bxd6 Qxd6 13. O-O Nd7 
14. Qc2 Ndf6 15. Ne5 cxd4 16. exd4 Qxd4 17. Nc6 Qd7 18. Ne5 Qb7 19. Rad1 
Nc5 20. f3 Rfd8 0-1

[Event "Server NA Ch, class B, S92011"]
[Site "CCLA"]
[Date "2019.04.22"]
[Round "?"]
[White "Laaman, Thomas"]
[Black "Disque, Philip"]
[Result "0-1"]
[WhiteElo "1589"]
[BlackElo "1721"]

1. e4 d5 2. exd5 Qxd5 3. Nc3 Qd6 4. d4 Nf6 5. Bg5 h6 6. Bh4 Qb6 7. Rb1 Na6
8. a3 Bf5 9. Nf3 O-O-O 10. Bc4 g5 11. Bxa6 gxh4 12. Nxh4 Rxd4 13. Bxb7+ 
Kxb7 14. Qf3+ Be4 15. Nxe4 Rxe4+ 16. Kf1 Qb5+ 17. Kg1 Qe2 18. Qb3+ Kc8 19.
 Nf3 Qc4 20. Qxc4 Rxc4 21. Ne5 Rxc2 22. Nxf7 Rh7 23. Ne5 Rg7 24. h4 Ng4 
25. Nxg4 Rxg4 26. g3 Re4 27. b3 Ree2 28. Kg2 Rxf2+ 29. Kh3 e6 30. Kg4 Rf5 
31. a4 h5+ 32. Kh3 Bd6 33. Rhe1 Rff2 34. Rh1 Rc3 0-1

[Event "Server NA Ch, class B, S92011"]
[Site "CCLA"]
[Date "2019.04.22"]
[Round "?"]
[White "Walsh, Patrick"]
[Black "Laaman, Thomas"]
[Result "1-0"]
[WhiteElo "1835"]
[BlackElo "1589"]

1. d4 d5 2. c4 e6 3. g3 c5 4. cxd5 exd5 5. Nf3 Nc6 6. Bg2 Be7 7. O-O Nf6 
8. dxc5 Bxc5 9. Bg5 d4 10. Nbd2 O-O 11. Rc1 Bb6 12. Ne4 Bf5 13. Nfd2 Re8 
14. Kh1 Rc8 15. Bh4 Re6 16. Nxf6+ gxf6 17. e4 dxe3 18. fxe3 Bg6 19. Nc4 
Qxd1 20. Rcxd1 Bxe3 21. Nxe3 Rxe3 22. Bxf6 Be4 23. Bxe4 Rxe4 24. Rd7 Na5 
25. Bc3 Nc6 26. Rfxf7 Ne5 27. Rg7+ Kf8 28. Rxb7 1-0

[Event "Server NA Ch, class B, S92011"]
[Site "CCLA"]
[Date "2019.04.22"]
[Round "?"]
[White "Laaman, Thomas"]
[Black "Catania, Duane"]
[Result "0-1"]
[WhiteElo "1589"]
[BlackElo "1699"]

1. e4 e6 2. d4 d5 3. exd5 exd5 4. Bd3 Nf6 5. Nf3 Bd6 6. Qe2+ Be6 7. Ng5 
O-O 8. Nxe6 fxe6 9. Qxe6+ Kh8 10. O-O c5 11. dxc5 Bxc5 12. Bg5 h6 13. Qh3 
Qd7 14. Qxd7 Nbxd7 15. Bh4 Ne4 16. Bxe4 dxe4 17. Nc3 Bb6 18. Nxe4 Rf4 19. 
Rad1 Rxe4 20. Rxd7 Rxh4 21. Rxb7 Rd4 22. Rf7 Rd2 23. Rc1 Rc8 24. c3 Rxb2 
25. g3 Rxa2 26. Rf3 Kg8 27. Kg2 Ra3 28. h4 Rf8 29. Rxf8+ Kxf8 30. Rc2 Ke7 
31. Kf3 Ba5 32. Ke4 Rxc3 33. Rb2 Bb6 34. Rd2 Ke6 35. h5 Rc4+ 36. Kf3 a5 
37. Rb2 Rb4 0-1

[Event "Server NA Ch, class B, S92011"]
[Site "CCLA"]
[Date "2019.04.22"]
[Round "?"]
[White "Dolan, Bruce"]
[Black "Laaman, Thomas"]
[Result "1-0"]
[WhiteElo "1682"]
[BlackElo "1589"]

1. e4 e5 2. Nf3 Nf6 3. Nc3 Nc6 4. Bb5 Nd4 5. a3 Nxb5 6. Nxb5 Bc5 7. d4 
Bxd4 8. Nbxd4 exd4 9. e5 Nd5 10. Qxd4 c6 11. c4 Nc7 12. Bg5 Ne6 13. Qd2 
Nxg5 14. Nxg5 O-O 15. O-O b6 16. f4 h6 17. Ne4 c5 18. Nd6 Rb8 19. Qd5 Qc7 
20. Qf3 Qd8 21. Qh5 Qe7 22. Rf3 Kh7 23. Rh3 Qe6 24. Rd1 Ba6 25. f5 Qxe5 
26. Nxf7 Qe8 27. Qg6+ Kg8 28. Nxh6+ 1-0

[Event "Server NA Ch, class B, S92011"]
[Site "CCLA"]
[Date "2019.04.22"]
[Round "?"]
[White "Laaman, Thomas"]
[Black "Mann, Wallace"]
[Result "1-0"]
[WhiteElo "1589"]
[BlackElo "1648"]

1. e4 e5 2. f4 exf4 3. Bc4 Qh4+ 4. Kf1 Qe7 5. Nc3 c6 6. d4 b5 7. Bd3 g5 8.
 e5 Bg7 9. Ne4 Bxe5 10. dxe5 Qxe5 11. Nf3 Qc7 12. Nexg5 h6 13. Ne4 d5 14. 
Nc5 Be6 15. Qe2 Qd6 16. Nxe6 fxe6 17. Nd4 Kd7 18. Qg4 h5 19. Qg7+ Kc8 20. 
Qxh8 Nd7 21. Qxg8+ Nf8 22. Nxe6 Kb7 23. Qg7+ Nd7 24. Nxf4 Rf8 25. g3 h4 
26. Kg2 Ka6 27. a4 1-0

[Event "Server NA Ch, class B, S92011"]
[Site "CCLA"]
[Date "2019.04.22"]
[Round "?"]
[White "Perry, William E."]
[Black "Laaman, Thomas"]
[Result "1-0"]
[WhiteElo "1543"]
[BlackElo "1589"]

1. d4 d5 2. Bf4 e6 3. e3 Nf6 4. c3 c5 5. Nd2 Nc6 6. Bd3 c4 7. Bc2 Be7 8. 
Ngf3 O-O 9. Ne5 Bd7 10. Nxd7 Qxd7 11. O-O Nh5 12. Qxh5 1-0

[Event "Server NA Ch, class B, S92011"]
[Site "CCLA"]
[Date "2019.04.22"]
[Round "?"]
[White "Disque, Philip"]
[Black "Walsh, Patrick"]
[Result "0-1"]
[WhiteElo "1721"]
[BlackElo "1835"]

1. e4 e5 2. Nf3 Nf6 3. Nxe5 d6 4. Nf3 Nxe4 5. Nc3 Nxc3 6. dxc3 Be7 7. Be3 
O-O 8. Qd2 b6 9. Be2 Bb7 10. O-O-O Nd7 11. Rhg1 Nf6 12. Nd4 Ne4 13. Qd3 
Bf6 14. f3 Nc5 15. Qd2 Qd7 16. Bg5 Be5 17. Rh1 Rfe8 18. Bb5 c6 19. Be2 Ne6
20. Bd3 Nxg5 21. Qxg5 Qe7 22. Qg4 g6 23. f4 Bg7 24. Qg3 Qe3+ 25. Qxe3 Rxe3
26. Kd2 Rae8 27. Rhe1 Rxe1 28. Rxe1 Rxe1 29. Kxe1 d5 30. g3 Kf8 31. Kd2 
Ke7 32. b3 Kd6 33. Ke3 a6 34. Kd2 c5 35. Ne2 b5 36. c4 dxc4 37. bxc4 b4 
38. Ke3 f5 39. Kf2 Bd4+ 40. Kf1 a5 41. Ke1 Bg2 42. Kd2 h5 43. h4 Bf2 0-1

[Event "Server NA Ch, class B, S92011"]
[Site "CCLA"]
[Date "2019.04.22"]
[Round "?"]
[White "Catania, Duane"]
[Black "Disque, Philip"]
[Result "1-0"]
[WhiteElo "1699"]
[BlackElo "1721"]

1. e4 c6 2. d4 d5 3. Nc3 dxe4 4. Nxe4 Bf5 5. Ng3 Bg6 6. Nf3 Nd7 7. c3 e6 
8. Be2 Qc7 9. O-O Ngf6 10. c4 h6 11. Be3 Bd6 12. Rc1 O-O 13. a3 Ng4 14. 
Bd2 c5 15. b4 b6 16. dxc5 bxc5 17. b5 f5 18. Nh4 Bh7 19. Bxg4 fxg4 20. 
Qxg4 Bf5 21. Nhxf5 exf5 22. Nxf5 Bxh2+ 23. Kh1 Rxf5 24. Qxf5 Rf8 25. Qe6+ 
Kh8 26. Bc3 Be5 27. Qe7 Bxc3 28. Rxc3 Rf4 29. Rg3 g5 30. Rh3 Rf6 31. Rd1 
Qf4 32. Qxd7 Qxf2 33. Qe8+ 1-0

[Event "Server NA Ch, class B, S92011"]
[Site "CCLA"]
[Date "2019.04.22"]
[Round "?"]
[White "Disque, Philip"]
[Black "Dolan, Bruce"]
[Result "1/2-1/2"]
[WhiteElo "1721"]
[BlackElo "1682"]

1. Nf3 d5 2. g3 c6 3. Bg2 Bg4 4. O-O Qc7 5. d3 Nd7 6. Nbd2 e5 7. e4 Ngf6 
8. Qe1 Bc5 9. h3 Be6 10. Ng5 Nh5 11. Nxe6 fxe6 12. Kh2 O-O-O 13. Nb3 Be7 
14. Bd2 Rhf8 15. Qe2 g6 16. Qg4 Rf6 17. exd5 exd5 18. Bg5 Rf7 19. Bxe7 
Rxe7 20. Nc5 Nf6 21. Qb4 a5 22. Qa3 Nxc5 23. Qxc5 e4 24. Rae1 h5 25. Kg1 
Rde8 26. dxe4 Kb8 27. Re3 Nxe4 28. Bxe4 Rxe4 29. Rfe1 Rxe3 30. Rxe3 Rxe3 
31. Qxe3 Qd7 32. Kg2 Qf5 33. Qe8+ Kc7 34. Qe7+ Kb6 35. Qe3+ Ka6 36. Qe2+ 
Ka7 37. f3 Kb6 38. h4 Qf6 39. Qf2+ Kc7 40. c3 Qf5 41. Qe2 Kd6 42. g4 Qb1 
43. gxh5 gxh5 44. f4 Qg6+ 45. Kh2 Qf5 46. Kg3 b5 47. Qf2 Qg4+ 1/2-1/2

[Event "Server NA Ch, class B, S92011"]
[Site "CCLA"]
[Date "2019.04.22"]
[Round "?"]
[White "Mann, Wallace"]
[Black "Disque, Philip"]
[Result "0-1"]
[WhiteElo "1648"]
[BlackElo "1721"]

1. e4 c5 2. Nf3 g6 3. d4 cxd4 4. Nxd4 Nc6 5. c4 Nf6 6. Nc3 d6 7. Be2 Nxd4 
8. Qxd4 Bg7 9. Be3 O-O 10. Qd2 Be6 11. Rc1 Qa5 12. f3 Rfc8 13. b3 a6 14. 
O-O b5 15. Nb1 Qxd2 16. Nxd2 Bd7 17. Bb6 Bc6 18. Rfd1 Nd7 19. Ba5 Bd4+ 20.
 Kf1 Nc5 21. Bc3 Be3 22. Ba1 b4 23. Ke1 a5 24. Rc2 a4 25. Nf1 Bh6 26. Nd2 
axb3 27. Nxb3 Ba4 28. Rb1 Be3 29. Bd4 Bxb3 0-1

[Event "Server NA Ch, class B, S92011"]
[Site "CCLA"]
[Date "2019.04.22"]
[Round "?"]
[White "Disque, Philip"]
[Black "Perry, William E."]
[Result "1/2-1/2"]
[WhiteElo "1721"]
[BlackElo "1543"]

1. Nf3 d5 2. d4 e6 3. Nbd2 Nf6 4. e3 c5 5. b3 cxd4 6. exd4 Nc6 7. Bb2 Bd6 
8. Bd3 O-O 9. O-O Re8 10. Ne5 a6 11. a3 Qb6 12. Nxc6 bxc6 13. c4 dxc4 14. 
Nxc4 Qc7 15. Nxd6 Qxd6 16. f4 Nd5 17. Qh5 Nf6 18. Qh4 Qd5 19. Bc4 Qh5 20. 
Qxh5 Nxh5 21. Rae1 Bd7 22. Re5 Nf6 23. Rfe1 a5 24. Bc3 a4 25. b4 Nd5 26. 
Bd2 f6 27. Rh5 g6 28. Rh3 e5 29. Rhe3 exf4 30. Rxe8+ Rxe8 31. Rxe8+ Bxe8 
32. Bxd5+ cxd5 33. Bxf4 Kf7 34. Kf2 Ke6 1/2-1/2

[Event "Server NA Ch, class B, S92011"]
[Site "CCLA"]
[Date "2019.04.22"]
[Round "?"]
[White "Walsh, Patrick"]
[Black "Catania, Duane"]
[Result "1-0"]
[WhiteElo "1835"]
[BlackElo "1699"]

1. g3 g6 2. Bg2 Bg7 3. c4 Nf6 4. Nf3 O-O 5. d4 d6 6. Nc3 c6 7. O-O Nbd7 8.
 h3 Re8 9. e4 a6 10. e5 dxe5 11. dxe5 Nh5 12. g4 Nxe5 13. Nxe5 Bxe5 14. 
gxh5 Qc7 15. Kh1 Rd8 16. Qe2 Be6 17. Bg5 Rd4 18. Rfe1 Bg7 19. Rad1 Rad8 
20. Rxd4 Rxd4 21. h6 Bh8 22. b3 Qd7 23. Na4 Qd6 24. Be3 Rh4 25. Bc5 Qb8 
26. Bxe7 Rxh6 27. Rd1 Bxh3 28. Kg1 Qh2+ 29. Kxh2 Bg4+ 30. Kg3 1-0

[Event "Server NA Ch, class B, S92011"]
[Site "CCLA"]
[Date "2019.04.22"]
[Round "?"]
[White "Dolan, Bruce"]
[Black "Walsh, Patrick"]
[Result "0-1"]
[WhiteElo "1682"]
[BlackElo "1835"]

1. e4 Nf6 2. Nc3 d5 3. e5 Nfd7 4. d4 e6 5. Nf3 c5 6. Bg5 Qb6 7. Na4 Qa5+ 
8. Nc3 Nc6 9. Be3 cxd4 10. Nxd4 Bb4 11. Nxc6 Bxc3+ 12. bxc3 Qxc3+ 13. Qd2 
Qxa1+ 0-1

[Event "Server NA Ch, class B, S92011"]
[Site "CCLA"]
[Date "2019.04.22"]
[Round "?"]
[White "Walsh, Patrick"]
[Black "Mann, Wallace"]
[Result "1-0"]
[WhiteElo "1835"]
[BlackElo "1648"]

1. g3 e5 2. c4 c6 3. d4 e4 4. Nh3 d5 5. Nc3 h6 6. cxd5 cxd5 7. Nf4 Nf6 8. 
Qb3 Nc6 9. e3 Bb4 10. Bd2 Bxc3 11. Bxc3 g6 12. h4 b6 13. Rc1 Bb7 14. Bb5 
Rc8 15. g4 a6 16. Be2 b5 17. Kd2 Ne7 18. a4 O-O 19. axb5 Qb6 20. Bb4 Rfe8 
21. Qa3 1-0

[Event "Server NA Ch, class B, S92011"]
[Site "CCLA"]
[Date "2019.04.22"]
[Round "?"]
[White "Perry, William E."]
[Black "Walsh, Patrick"]
[Result "0-1"]
[WhiteElo "1543"]
[BlackElo "1835"]

1. d4 Nf6 2. Bf4 c5 3. dxc5 Na6 4. e3 Nxc5 5. Nd2 g6 6. Ngf3 d5 7. Bb5+ 
Bd7 8. Bxd7+ Ncxd7 9. h3 Bg7 10. c3 O-O 11. O-O a5 12. Re1 e6 13. Rc1 Re8 
14. c4 Bf8 15. cxd5 Nxd5 16. Bg3 Nc5 17. Nc4 b5 18. Nce5 f6 19. Nd3 Ne4 
20. Bh2 Nb4 21. Nxb4 Qxd1 22. Rexd1 axb4 23. Ra1 e5 24. Nd2 Nc5 25. a3 
bxa3 26. bxa3 Red8 27. Kf1 Rxd2 0-1

[Event "Server NA Ch, class B, S92011"]
[Site "CCLA"]
[Date "2019.04.22"]
[Round "?"]
[White "Catania, Duane"]
[Black "Dolan, Bruce"]
[Result "0-1"]
[WhiteElo "1699"]
[BlackElo "1682"]

1. e4 c5 2. f4 Nc6 3. Bb5 Nf6 4. Bxc6 dxc6 5. d3 g6 6. c4 Bg7 7. Nc3 Bg4 
8. Nf3 Nh5 9. O-O Qd7 10. Qc2 Rd8 11. Ne1 e5 12. f5 gxf5 13. exf5 Bxf5 14.
 Ne4 b6 15. Bg5 f6 16. Be3 Bg6 17. Qe2 O-O 18. Rf3 Rde8 19. Rh3 Nf4 20. 
Bxf4 exf4 21. Kh1 f5 22. Rd1 fxe4 23. dxe4 Qc8 0-1

[Event "Server NA Ch, class B, S92011"]
[Site "CCLA"]
[Date "2019.04.22"]
[Round "?"]
[White "Mann, Wallace"]
[Black "Catania, Duane"]
[Result "0-1"]
[WhiteElo "1648"]
[BlackElo "1699"]

1. e4 e6 2. d4 d5 3. Nd2 Nf6 4. Bd3 c5 5. e5 Nfd7 6. c3 Nc6 7. Ne2 cxd4 8.
 cxd4 Nb6 9. O-O Bd7 10. a3 Be7 11. b4 Rc8 12. Qb3 O-O 13. Bb2 a6 14. Rac1
Na7 15. Nc3 Nc6 16. Ne2 h6 17. f4 f5 18. exf6 Bxf6 19. Nf3 Qe7 20. Ne5 
Bxe5 21. dxe5 Qh4 22. Bb1 Nc4 23. Qd3 Ne7 24. Bc3 Nf5 25. Nd4 Nxa3 26. Be1
Qg4 27. h3 Qh5 28. g4 Rxc1 29. gxh5 Nxb1 30. Ne2 Bb5 31. Nxc1 Bxd3 32. 
Nxd3 Na3 33. Bf2 Kf7 34. Rc1 Nc4 35. Nc5 Rc8 36. Nxb7 Rb8 37. Nc5 Rxb4 38.
 Nxa6 Rb3 0-1

[Event "Server NA Ch, class B, S92011"]
[Site "CCLA"]
[Date "2019.04.22"]
[Round "?"]
[White "Catania, Duane"]
[Black "Perry, William E."]
[Result "1-0"]
[WhiteElo "1699"]
[BlackElo "1543"]

1. e4 d5 2. exd5 Qxd5 3. Nc3 Qd6 4. Nf3 Bg4 5. Be2 c6 6. O-O e6 7. d4 Nf6 
8. Be3 Nbd7 9. Re1 Nb6 10. Ne5 Bxe2 11. Qxe2 Nbd5 12. Nxd5 cxd5 13. Bf4 
Qb6 14. c4 dxc4 15. Nxc4 Qxd4 16. Be5 Qg4 17. Nd6+ Bxd6 18. Qb5+ Kf8 19. 
Bxd6+ Kg8 20. Qxb7 Re8 21. Rac1 h6 22. Qxa7 Nd5 23. h3 Qg6 24. a3 Kh7 25. 
Qa4 Ra8 26. Qe4 Qxe4 27. Rxe4 Rhd8 28. Bg3 Nf6 29. Rec4 Nd5 30. a4 Nb6 31.
 Rc7 Kg8 32. b3 Nd5 33. Rb7 Kf8 34. Rc5 f6 35. a5 e5 36. b4 Ne7 37. Rcc7 
Nf5 38. Rd7 Rxd7 39. Rxd7 Rb8 40. a6 Ra8 41. a7 Nd4 42. f3 Nc6 43. Bf2 
Nxb4 44. Bc5+ 1-0

[Event "Server NA Ch, class B, S92011"]
[Site "CCLA"]
[Date "2019.04.22"]
[Round "?"]
[White "Dolan, Bruce"]
[Black "Mann, Wallace"]
[Result "0-1"]
[WhiteElo "1682"]
[BlackElo "1648"]

1. e4 c5 2. Nf3 e6 3. Nc3 a6 4. g3 b5 5. Bg2 Bb7 6. d3 d6 7. O-O Nf6 8. e5
Nfd7 9. exd6 Bxd6 10. Ne4 Be7 11. Be3 Qc7 12. a4 Nc6 13. Nfg5 Nd8 14. Qh5 
Qe5 15. c3 Qf5 16. axb5 a5 17. h4 Qg6 18. Qd1 e5 19. Bh3 Bc8 20. c4 Qb6 
21. b4 Nb7 22. bxc5 Ndxc5 23. Qf3 Bxg5 24. Bxc5 Nxc5 25. Nd6+ Qxd6 26. 
Qxa8 O-O 27. Bxc8 Bd2 28. b6 Qxb6 29. Rfd1 Bb4 30. Qd5 Rxc8 31. Qxe5 Nb3 
32. Ra2 Nd4 33. Qe3 Bc5 34. Qe4 Bb4 35. Rb2 Qd6 36. h5 h6 37. Kh2 Qf6 38. 
Kg2 Kf8 39. Rdb1 Re8 0-1

[Event "Server NA Ch, class B, S92011"]
[Site "CCLA"]
[Date "2019.04.22"]
[Round "?"]
[White "Perry, William E."]
[Black "Dolan, Bruce"]
[Result "0-1"]
[WhiteElo "1543"]
[BlackElo "1682"]

1. d4 d5 2. Bf4 Bf5 3. e3 e6 4. c4 Nf6 5. Qb3 b6 6. Nf3 c6 7. Ne5 Nbd7 8. 
cxd5 exd5 9. Nxc6 Qc8 10. Qc3 Nh5 11. Be5 Qb7 12. Be2 Nhf6 13. Nb4 Rc8 14.
 Qd2 b5 15. Bd3 Bxb4 16. Qxb4 Bxd3 0-1

[Event "Server NA Ch, class B, S92011"]
[Site "CCLA"]
[Date "2019.04.22"]
[Round "?"]
[White "Mann, Wallace"]
[Black "Perry, William E."]
[Result "1-0"]
[WhiteElo "1648"]
[BlackElo "1543"]

1. e4 d5 2. exd5 Qxd5 3. Nc3 Qd6 4. d4 Nf6 5. Nf3 c6 6. Ne5 Bf5 7. Bc4 e6 
8. Bf4 Qb4 9. Bb3 Nd5 10. a3 Nxc3 11. Qh5 Qe7 12. bxc3 g6 13. Qe2 Nd7 14. 
Nc4 Bg7 15. Nd6+ Kf8 16. Nc4 Kg8 17. g4 1-0

[Event "Server NA Champ Class B, S92021"]
[Site "CCLA"]
[Date "2019.04.22"]
[Round "?"]
[White "Walton, John C."]
[Black "Shannon, Paul D."]
[Result "1-0"]
[WhiteElo "1924"]
[BlackElo "1795"]

1. d4 Nf6 2. c4 g6 3. g3 Bg7 4. Bg2 O-O 5. Nc3 d6 6. Nf3 Nbd7 7. O-O e5 
8. e4 c6 9. h3 Re8 10. Be3 exd4 11. Nxd4 Nc5 12. Qc2 Qe7 13. Rfe1 Bd7 
14. Nb3 Ne6 15. Rad1 b6 16. Qd2 Bf8 17. f4 Rad8 18. e5 dxe5 19. fxe5 Nh5 
20. g4 Nhg7 21. Ne4 Bc8 22. Nf6+ Kh8 23. Bd4 Nh5 24. gxh5 Nxd4 25. Nxd4 
c5 26. Nc6 1-0

[Event "Server NA Champ Class B, S92021"]
[Site "CCLA"]
[Date "2019.04.22"]
[Round "?"]
[White "Corbin, John"]
[Black "Walton, John C."]
[Result "0-1"]
[WhiteElo "1634"]
[BlackElo "1924"]

1. e4 c5 2. Nc3 Nc6 3. Nge2 Nd4 4. Nf4 e6 5. Nb5 Nxb5 6. Bxb5 Qc7 7. Qf3 
b6 8. O-O Bb7 9. Rd1 Nf6 10. d3 a6 11. Ba4 b5 12. Bb3 c4 13. dxc4 bxc4 14.
 Ba4 O-O-O 15. Re1 Qa5 16. Bxd7+ Rxd7 17. Qe2 g5 18. Nh3 Nxe4 19. c3 Rd3 
20. Be3 Bd6 21. f3 g4 22. fxg4 Qc7 23. g3 Bc5 24. Bxc5 Qxc5+ 25. Nf2 Nxf2 
26. Qxf2 Qc6 0-1